• 首页
  • 本馆介绍
  • 公告通知
  • 最新文献
  • 馆藏检索
  • 电子资源
  • 读者导购
  • 参考咨询
  • 我的图书馆
  • 登录
  • 期刊详细显示
  • 现刊情况显示
  • 合订本情况显示
  • 篇目信息显示

期刊信息

  • 表格格式
  • 工作单格式
  • 卡片格式
索取号 
O6/CJC
题名 
CHINESE JOURNAL OF CHEMISTRY
作者 
Shanghai Institute of Organic Chemistry(SIOC),Chinese Academy of Sciences(CAS)
分册号 
分册名 
出版地 
上海
出版者 
Shanghai Institute for Science and Technoligy
标准刊号 
1001-604X
出版频率 
月刊
中图法分类 
O6
主题词 
化学
电子资源 
000 00750nam0 2200241 450
001 1656961969
005 20170103172144.15
011    @a1001-604X@dCNY100.00(2016)
091    @aCN31-1547/O6
092    @b4-646
100    @a20161130d km y0chiy0120 ea
101 0  @aeng
102    @aCN@b310000
200 1  @aCHINESE JOURNAL OF CHEMISTRY@d=中国化学@fShanghai Institute of Organic Chemistry(SIOC),Chinese Academy of Sciences(CAS)@zchi
210    @a上海@cShanghai Institute for Science and Technoligy
326    @a月刊
510    @a中国化学
606 0  @a化学
690    @aO6@v4
701  0 @aShanghai Institute of Organic Chemistry@bSIOC
701  0 @aChinese Academy of Sciences@bCAS
801  0 @aCN@bNISOFT@c20170103
905    @a10447@dO6@eCJC
    
    CHINESE JOURNAL OF CHEMISTRY=中国化学/Shanghai Institute of Organic Chemistry(SIOC),Chinese Academy of Sciences(CAS).-上海:Shanghai Institute for Science and Technoligy
    
    ←并列题名:中国化学
    
    ISSN 1001-604X:CNY100.00(2016)
    
●
相关链接: 在易读查询期刊 在中国知网中查询期刊 在万方数据查询期刊 在维普查询期刊
唐山师范学院图书馆 欢迎您!
大连网信软件有限公司© 版权所有